Hiệu ứng âm điện trong dây lượng tử
Nghiên cứu các đặc điểm về cấu trúc phổ năng lượng, mật độ trạng thái của điện tử trong dây lượng tử, nghiên cứu về hiệu ứng âm điện trong dây lượng tử với khí điện tử không suy biến. Từ đó, xây dựng một tài liệu tổng quan nhất về hiệu ứng âm điện trong dây lượng tử....
Tallennettuna:
| Päätekijä: | |
|---|---|
| Muut tekijät: | |
| Aineistotyyppi: | Kirja |
| Kieli: | Vietnamese |
| Julkaistu: |
Đà Nẵng
Đại học Sư phạm, Đại học Đà Nẵng
2013
|
| Aiheet: | |
| Tagit: |
Lisää tagi
Ei tageja, Lisää ensimmäinen tagi!
|
| Thư viện lưu trữ: | Mạng thư viện Đại học Đà Nẵng |
|---|
| LEADER | 01719nam a2200361 4500 | ||
|---|---|---|---|
| 001 | 000019149 | ||
| 003 | 15584 | ||
| 005 | 20140321150345.0 | ||
| 008 | 140320s2013 viesd | ||
| 041 | |a vie | ||
| 072 | |a VL | ||
| 082 | 1 | 4 | |a 539 |b NG-H |
| 100 | 1 | |a Nguyễn Văn Hưng | |
| 245 | 1 | 0 | |a Hiệu ứng âm điện trong dây lượng tử |c Nguyễn Văn Hưng ; Trần Bá Nam hướng dẫn |k Khóa luận tốt nghiệp |
| 260 | |a Đà Nẵng |b Đại học Sư phạm, Đại học Đà Nẵng |c 2013 | ||
| 300 | |a 41 tr. |c 29 cm. | ||
| 500 | |a Khóa luận tốt nghiệp đại học. Chuyên ngành: Sư phạm Vật lý | ||
| 520 | |a Nghiên cứu các đặc điểm về cấu trúc phổ năng lượng, mật độ trạng thái của điện tử trong dây lượng tử, nghiên cứu về hiệu ứng âm điện trong dây lượng tử với khí điện tử không suy biến. Từ đó, xây dựng một tài liệu tổng quan nhất về hiệu ứng âm điện trong dây lượng tử. | ||
| 650 | 0 | 4 | |a Dây lượng tử |v Khóa luận tốt nghiệp |x Hiệu ứng âm điện |
| 653 | |a Dây lượng tử | ||
| 653 | |a Khoa Vật Lý | ||
| 653 | |a Âm điện | ||
| 700 | 1 | |a Trần Bá Nam |e Hướng dẫn | |
| OWN | |a LSP | ||
| AVA | |a UDN50 |b LSP |d 539 NG-H |e available |t Error 5001 Not defined in file expand_doc_bib_avail. |f 1 |g 0 |h N |i 0 |k 1 | ||
| 999 | |a From the UDN01 | ||
| AVA | |a UDN50 |b LSP |d 539 NG-H |e available |t Error 5001 Not defined in file expand_doc_bib_avail. |f 1 |g 0 |h N |i 0 |k 1 | ||
| TYP | |a Monograph | ||
| TYP | |a Printed language | ||
| 980 | |a Mạng thư viện Đại học Đà Nẵng | ||